Mahatma : (Record no. 136640)
[ view plain ]
| 000 -LEADER | |
|---|---|
| fixed length control field | 00801nam a22002177a 4500 |
| 010 ## - LIBRARY OF CONGRESS CONTROL NUMBER | |
| LC control number | 069487 |
| 020 ## - INTERNATIONAL STANDARD BOOK NUMBER | |
| Terms of availability | 180(Set) |
| 035 ## - SYSTEM CONTROL NUMBER | |
| System control number | 069487 |
| 037 ## - SOURCE OF ACQUISITION | |
| Source of stock number/acquisition | Cen Lib / Ret |
| 040 ## - CATALOGING SOURCE | |
| Original cataloging agency | DPL |
| Language of cataloging | EN |
| 082 ## - DEWEY DECIMAL CLASSIFICATION NUMBER | |
| Classification number | 921 |
| Item number | GAN |
| 100 ## - MAIN ENTRY--PERSONAL NAME | |
| Personal name | Gandhi, Mohandas Karamchand |
| 245 ## - TITLE STATEMENT | |
| Title | Mahatma : |
| Remainder of title | life of Mohandas Karamchand Gandhi / |
| Statement of responsibility, etc | by Dinanath Gopal Tendulkar |
| 260 ## - PUBLICATION, DISTRIBUTION, ETC. (IMPRINT) | |
| Place of publication, distribution, etc | Delhi |
| Name of publisher, distributor, etc | Publications Division, Ministry of Information and Broadcasting, Govt. of India |
| Date of publication, distribution, etc | 1938-1940 |
| 270 ## - ADDRESS | |
| Address | Publications Division, Ministry of Information and Broadcasting, Govt. of India |
| City | Delhi |
| 300 ## - PHYSICAL DESCRIPTION | |
| Extent | (v 4. 406 ; v 5. 445p) |
| Other physical details | 24cm(Hb) |
| 505 ## - FORMATTED CONTENTS NOTE | |
| Formatted contents note | v 4. 1934-1938 ; v. 5. 1938-1940. |
| 650 ## - SUBJECT ADDED ENTRY--TOPICAL TERM | |
| Topical term or geographic name as entry element | Gandhi, -- Mahatma, -- 1869-1948. |
| 650 ## - SUBJECT ADDED ENTRY--TOPICAL TERM | |
| Topical term or geographic name as entry element | Gandhi, -- Mahatma |
| 942 ## - ADDED ENTRY ELEMENTS (KOHA) | |
| Source of classification or shelving scheme | Dewey Decimal Classification |
| Koha item type | English Books |
| Classification part | 921 |
| Call number suffix | GAN |
| Withdrawn status | Lost status | Source of classification or shelving scheme | Materials specified (bound volume or other part) | Damaged status | Not for loan | Home library | Current library | Date acquired | Source of acquisition | Total Checkouts | Full call number | Barcode | Date last seen | Date checked out | Copy number | Price effective from | Koha item type |
|---|---|---|---|---|---|---|---|---|---|---|---|---|---|---|---|---|---|
| Dewey Decimal Classification | v 5 | Central Library | Central Library | 07/03/2016 | Cen Lib/Ret | 1 | 921 GAN | 069487 | 18/08/2019 | 20/07/2019 | 1 | 07/03/2016 | English Books | ||||
| Dewey Decimal Classification | v 4 | Central Library | Central Library | 07/03/2016 | Cen Lib/Ret | 921 GAN | 074207 | 07/03/2016 | 1 | 07/03/2016 | English Books |
